Musical Acts by Picture - B - Statistics

General Stats
  • This quiz has been taken 161 times
  • The average score is 11 of 16
Answer Stats
Picture Answer % Correct
The Beatles
99%
Beyoncé
97%
Bob Marley
97%
Bruno Mars
95%
Billie Eilish
93%
Britney Spears
91%
BTS
69%
Bruce Springsteen
66%
Bon Jovi
65%
Bob Dylan
64%
Bee Gees
58%
Backstreet Boys
57%
Blondie
52%
Billy Joel
50%
Björk
49%
Black Sabbath
36%
No matching quizzes found
Score Distribution
Percent of People with Each Score
Percentile by Number Answered
Your Score History
You have not taken this quiz